000
00289nam a2200121Ia 4500
008
191201s2007 xx 000 0 und d
100
_a
KOIRALA, Shivprasad
245
0
_a
SQL Server
260
_a
N. Delhi
_b
BPB Publication
_c
2007
300
_a
207
650
_a
B.Tech(CSE)
942
_2
ddc
_c
BK
999
_c
6639
_d
6639